[Event "Budapest FS12 IM"]
[Site "Budapest"]
[Date "2015.12.14"]
[Round "10"]
[White "Goczo, Melinda"]
[Black "Kozlitin, Oleg"]
[Result "1/2-1/2"]
[WhiteElo "2228"]
[BlackElo "2349"]
[PlyCount "169"]
[EventDate "2015.12.05"]
[EventType "tourn"]
[EventRounds "11"]
[EventCountry "HUN"]
[EventCategory "1"]
[SourceTitle "EXT 2017"]
[Source "ChessBase"]
[SourceDate "2016.10.25"]
[SourceVersion "1"]
[SourceVersionDate "2016.10.25"]
[SourceQuality "1"]

1. d4 g6 2. Nf3 Bg7 3. c4 d6 4. g3 Nf6 5. Bg2 0-0 6. 0-0 Nc6 7. Nc3 e5 8. d5 Ne7 9. e4 Nd7 10. Ne1 h6 11. Nd3 f5 12. f4 exf4 13. Nxf4 Ne5 14. exf5 Nxf5 15. Ne6 Bxe6 16. dxe6 c6 17. Kh1 Qe7 18. b3 Qxe6 19. Rb1 Rae8 20. Nd5 Qd7 21. Nf4 Kh7 22. Rb2 c5 23. Rbf2 Nd4 24. h3 Ne6 25. Kh2 Nxf4 26. Bxf4 Nf7 27. Qd5 Bd4 28. Be3 Kg7 29. Bxd4+ cxd4 30. Qxd4+ Ne5 31. Qh4 Rxf2 32. Rxf2 Qe7 33. Qd4 b6 34. Rd2 Rd8 35. Bd5 Qf6 36. Qf4 Qxf4 37. gxf4 Nd7 38. Re2 Nf6 39. Re7+ Kh8 40. Rxa7 Re8 41. Bf3 Re3 42. Kg2 Rd3 43. Rf7 Nh5 44. Bxh5 gxh5 45. Rb7 Rd2+ 46. Kg3 Rxa2 47. Rxb6 Rd2 48. Rb7 Rd4 49. f5 Kg8 50. f6 Kf8 51. Kf3 Rh4 52. Kg3 Rd4 53. Rd7 Rd3+ 54. Kh4 Rxb3 55. Rxd6 Kf7 56. c5 Rc3 57. c6 Rc5 58. Kg3 Rc3+ 59. Kf4 Rxh3 60. Ke5 Re3+ 61. Kd4 Re1 62. Kc5 Rc1+ 63. Kb6 h4 64. Rd4 Rb1+ 65. Ka7 Ra1+ 66. Kb7 Rb1+ 67. Kc8 Rc1 68. c7 Kxf6 69. Rxh4 Kg5 70. Rd4 h5 71. Kd7 h4 72. c8Q Rxc8 73. Kxc8 h3 74. Rd1 Kg4 75. Kd7 h2 76. Ke6 Kg3 77. Kf5 Kg2 78. Rd2+ Kg3 79. Rd3+ Kg2 80. Rd2+ Kg3 81. Rd1 Kg2 82. Kg4 h1Q 83. Rd2+ Kf1 84. Rd1+ Kg2 85. Rxh1 1/2-1/2

[Event "Pardubice Czech op-A 26th"]
[Site "Pardubice"]
[Date "2015.07.30"]
[Round "7"]
[White "Poetsch, Hagen"]
[Black "Kozlitin, Oleg"]
[Result "1/2-1/2"]
[WhiteElo "2498"]
[BlackElo "2352"]
[PlyCount "42"]
[EventDate "2015.07.24"]
[EventType "swiss"]
[EventRounds "9"]
[EventCountry "CZE"]
[SourceTitle "CBM 167 Extra"]
[Source "ChessBase"]
[SourceDate "2015.09.14"]
[SourceVersion "1"]
[SourceVersionDate "2015.09.14"]
[SourceQuality "1"]

1. e4 c5 2. Nf3 d6 3. d4 cxd4 4. Nxd4 Nf6 5. Nc3 g6 6. Be3 Bg7 7. Be2 Nc6 8. Qd2 0-0 9. 0-0-0 Nxd4 10. Bxd4 Be6 11. g4 Qa5 12. g5 Nd7 13. Bxg7 Kxg7 14. a3 Rfc8 15. f4 Kg8 16. Qe3 Rab8 17. Rhf1 Qc5 18. Rd4 b5 19. f5 gxf5 20. exf5 Bxf5 21. Qd2 e6 1/2-1/2

[Event "Pardubice Czech op-A 26th"]
[Site "Pardubice"]
[Date "2015.07.27"]
[Round "4"]
[White "Kozlitin, Oleg"]
[Black "Rous, Daniel"]
[Result "1-0"]
[WhiteElo "2352"]
[BlackElo "2201"]
[PlyCount "57"]
[EventDate "2015.07.24"]
[EventType "swiss"]
[EventRounds "9"]
[EventCountry "CZE"]
[SourceTitle "CBM 167 Extra"]
[Source "ChessBase"]
[SourceDate "2015.09.14"]
[SourceVersion "1"]
[SourceVersionDate "2015.09.14"]
[SourceQuality "1"]

1. e4 c5 2. Nf3 e6 3. d4 cxd4 4. Nxd4 Nc6 5. Nc3 Qc7 6. g3 a6 7. Bg2 Nf6 8. Nb3 Be7 9. f4 d6 10. 0-0 b5 11. a3 Bb7 12. Be3 0-0 13. g4 Rfe8 14. g5 Nd7 15. Rf3 Nf8 16. Rh3 Rac8 17. Qh5 Na5 18. Rf1 Nxb3 19. cxb3 f5 20. Bd4 e5 21. Be3 fxe4 22. f5 Red8 23. f6 g6 24. Qh6 Bxf6 25. gxf6 Qf7 26. Bxe4 Rxc3 27. Bxb7 Rxe3 28. Bd5 Qxd5 29. Qg7# 1-0

[Event "Moscow op-A"]
[Site "Moscow"]
[Date "2015.02.08"]
[Round "9"]
[White "Kozlitin, Oleg"]
[Black "Airapetian, Gor"]
[Result "1/2-1/2"]
[WhiteElo "2329"]
[BlackElo "2470"]
[PlyCount "108"]
[EventDate "2015.01.31"]
[EventType "swiss"]
[EventRounds "9"]
[EventCountry "RUS"]
[SourceTitle "CBM 164 Extra"]
[Source "ChessBase"]
[SourceDate "2015.03.02"]
[SourceVersion "1"]
[SourceVersionDate "2015.03.02"]
[SourceQuality "1"]

1. e4 c6 2. d4 d5 3. e5 Bf5 4. Nd2 e6 5. Nb3 Nd7 6. Nf3 Bg6 7. Be2 Nh6 8. a4 Rc8 9. a5 Be7 10. c4 0-0 11. 0-0 f6 12. Bxh6 gxh6 13. Qd2 Kg7 14. Qe3 fxe5 15. Nxe5 Nxe5 16. dxe5 c5 17. Rad1 d4 18. Qg3 Qd7 19. f4 Qa4 20. Ra1 Qd7 21. Bd3 Bh4 22. Qh3 Bd8 23. Nd2 Qc6 24. Ra3 Rc7 25. Qg4 h5 26. Qe2 Rcf7 27. g3 h4 28. Be4 Qd7 29. Qg4 Rf5 30. Rb3 b6 31. axb6 axb6 32. Bxf5 Rxf5 33. Qf3 hxg3 34. hxg3 Rf7 35. Ra1 d3 36. Qe3 Qc6 37. Rba3 Rd7 38. Ra7 Bc7 39. Qf3 Qxf3 40. Nxf3 Be4 41. Nd2 Bc6 42. Kf2 Kg6 43. Ke3 Kf5 44. R1a3 Rg7 45. Rxd3 Rxg3+ 46. Ke2 Rg2+ 47. Kf1 Rg7 48. Rd6 Bg2+ 49. Kf2 Bh1 50. Nf1 Kxf4 51. Rxe6 Bxe5 52. Rxg7 Bxg7 53. Rxb6 Bd4+ 54. Ke2 h5 1/2-1/2

[Event "Moscow op-A"]
[Site "Moscow"]
[Date "2015.02.07"]
[Round "8"]
[White "Swayams, Mishra"]
[Black "Kozlitin, Oleg"]
[Result "0-1"]
[WhiteElo "2480"]
[BlackElo "2329"]
[PlyCount "116"]
[EventDate "2015.01.31"]
[EventType "swiss"]
[EventRounds "9"]
[EventCountry "RUS"]
[SourceTitle "CBM 164 Extra"]
[Source "ChessBase"]
[SourceDate "2015.03.02"]
[SourceVersion "1"]
[SourceVersionDate "2015.03.02"]
[SourceQuality "1"]

1. d4 g6 2. c4 Bg7 3. e4 d6 4. Nc3 e5 5. dxe5 dxe5 6. Qxd8+ Kxd8 7. Bg5+ f6 8. 0-0-0+ Nd7 9. Be3 c6 10. h4 Bh6 11. Bxh6 Nxh6 12. g3 Ke7 13. Bh3 Nc5 14. Bxc8 Raxc8 15. f3 a5 16. Rh2 Rcd8 17. Rxd8 Rxd8 18. Rd2 Rf8 19. g4 Nf7 20. Nge2 Nd8 21. Ng3 Nde6 22. Nce2 Ng7 23. Nc3 Nge6 24. Nce2 Ng7 25. Nc3 Nce6 26. Nce2 Rh8 27. Rd1 h5 28. Rh1 Kd6 29. Kc2 Nf4 30. Rh2 Nge6 31. Kc3 Kc5 32. b3 b5 33. cxb5 cxb5 34. gxh5 Nxh5 35. Rh1 Nd4 36. Nxh5 Nxe2+ 37. Kd3 Rxh5 38. Kxe2 Kb4 39. Rg1 g5 40. hxg5 Rxg5 41. Ra1 Rg2+ 42. Kd3 Ka3 43. Rc1 Kxa2 44. Rc5 Rb2 45. f4 Rxb3+ 46. Kc2 exf4 47. Rf5 f3 48. Rxf6 a4 49. e5 b4 50. Kd2 Rb2+ 51. Kd3 Re2 52. Rf4 Ka3 53. Rxf3 Rxe5 54. Kd4+ b3 55. Kxe5 Ka2 56. Kd4 b2 57. Rf2 a3 58. Kc3 Ka1 0-1

[Event "Budapest FS12 IM"]
[Site "Budapest"]
[Date "2014.12.16"]
[Round "10"]
[White "House, Glenn"]
[Black "Kozlitin, Oleg"]
[Result "0-1"]
[WhiteElo "2242"]
[BlackElo "2329"]
[PlyCount "50"]
[EventDate "2014.12.06"]
[EventType "tourn"]
[EventRounds "10"]
[EventCountry "HUN"]
[EventCategory "1"]
[SourceTitle "CBM 163 Extra"]
[Source "ChessBase"]
[SourceDate "2014.12.23"]
[SourceVersion "1"]
[SourceVersionDate "2014.12.23"]
[SourceQuality "1"]

1. e4 c5 2. Nc3 Nc6 3. g3 Rb8 4. Bg2 b5 5. d3 e6 6. Nf3 b4 7. Ne2 d5 8. exd5 exd5 9. 0-0 Bd6 10. d4 Nge7 11. dxc5 Bxc5 12. Bf4 Ra8 13. Nfd4 Nxd4 14. Nxd4 0-0 15. Nb3 Bb6 16. Qd2 Bf5 17. Qxb4 Bxc2 18. Rac1 Bf5 19. Rfd1 Re8 20. Bd6 Be6 21. Be5 h6 22. Bd4 Rb8 23. Bxb6 Rxb6 24. Qc5 Qb8 25. Rd2 Rxb3 0-1

[Event "Budapest FS12 IM"]
[Site "Budapest"]
[Date "2014.12.13"]
[Round "8"]
[White "Lyell, Mark"]
[Black "Kozlitin, Oleg"]
[Result "1-0"]
[WhiteElo "2236"]
[BlackElo "2329"]
[PlyCount "49"]
[EventDate "2014.12.06"]
[EventType "tourn"]
[EventRounds "10"]
[EventCountry "HUN"]
[EventCategory "1"]
[SourceTitle "CBM 163 Extra"]
[Source "ChessBase"]
[SourceDate "2014.12.23"]
[SourceVersion "1"]
[SourceVersionDate "2014.12.23"]
[SourceQuality "1"]

1. e4 c5 2. Nc3 e6 3. f4 Nc6 4. Nf3 g6 5. d4 cxd4 6. Nxd4 a6 7. Nxc6 dxc6 8. Qxd8+ Kxd8 9. Be3 e5 10. Bc4 Ke8 11. 0-0 Bh6 12. Bb6 exf4 13. Bd4 f6 14. e5 Bg7 15. exf6 Bxf6 16. Rae1+ Kf8 17. Rxf4 Bf5 18. g4 Bxd4+ 19. Rxd4 Bxc2 20. Rf4+ Kg7 21. Rf7+ Kh6 22. h4 b5 23. g5+ Kh5 24. Rf4 bxc4 25. Ne2 1-0

[Event "Pardubice Czech op-A 25th"]
[Site "Pardubice"]
[Date "2014.07.19"]
[Round "2"]
[White "Chovanec, Vladimir"]
[Black "Kozlitin, Oleg"]
[Result "0-1"]
[WhiteElo "2100"]
[BlackElo "2331"]
[PlyCount "92"]
[EventDate "2014.07.18"]
[EventType "swiss"]
[EventRounds "9"]
[EventCountry "CZE"]
[SourceTitle "CBM 161 Extra"]
[Source "ChessBase"]
[SourceDate "2014.08.29"]
[SourceVersion "1"]
[SourceVersionDate "2014.08.29"]
[SourceQuality "1"]

1. e4 e6 2. d3 c5 3. Nf3 Nc6 4. g3 g6 5. Bg2 Bg7 6. 0-0 Nge7 7. Re1 d6 8. c3 0-0 9. Be3 f5 10. Na3 h6 11. e5 Nxe5 12. Nxe5 Bxe5 13. Bxh6 Bg7 14. Bxg7 Kxg7 15. d4 cxd4 16. Qxd4+ e5 17. Qd3 e4 18. Qd4+ Rf6 19. f3 Nc6 20. Qe3 d5 21. Rad1 Rd6 22. Nb5 Rd7 23. Nd4 Qb6 24. fxe4 dxe4 25. g4 Nxd4 26. cxd4 Re7 27. Qa3 Kf7 28. Qh3 Kg8 29. Qa3 Kf7 30. Qh3 Kg8 31. Qa3 Qf6 32. Qb3+ Qe6 33. d5 Qb6+ 34. Re3 Qxb3 35. Rxb3 b6 36. d6 Rg7 37. Rc3 Be6 38. g5 Rd8 39. Bf1 Rgd7 40. Bc4 Bxc4 41. Rxc4 Rxd6 42. Rxd6 Rxd6 43. Rc8+ Kf7 44. Rc7+ Ke6 45. Rg7 Ke5 46. Rxa7 Kf4 0-1

[Event "Pardubice op rap 25th"]
[Site "Pardubice"]
[Date "2014.07.17"]
[Round "4"]
[White "Kozlitin, Oleg"]
[Black "Lehmann, Holger"]
[Result "1/2-1/2"]
[WhiteElo "2331"]
[BlackElo "2185"]
[PlyCount "158"]
[EventDate "2014.07.16"]
[EventType "swiss (rapid)"]
[EventRounds "9"]
[EventCountry "CZE"]
[SourceTitle "EXT 2015"]
[Source "ChessBase"]
[SourceDate "2014.11.20"]
[SourceVersion "1"]
[SourceVersionDate "2014.11.20"]
[SourceQuality "1"]

1. d4 d5 2. c4 c6 3. Nc3 dxc4 4. a4 e5 5. dxe5 Qxd1+ 6. Nxd1 Na6 7. Bf4 Be6 8. Nf3 0-0-0 9. Ng5 Nb4 10. Ne3 Bd5 11. 0-0-0 h6 12. Nf3 Bc5 13. Nxd5 cxd5 14. e3 Ne7 15. Nd4 Bxd4 16. exd4 g5 17. Bd2 Nbc6 18. Bc3 Ng6 19. g3 Kc7 20. Bh3 Rhf8 21. Bf5 Nge7 22. Bc2 f5 23. f4 gxf4 24. gxf4 Rg8 25. Rhg1 Kd7 26. b4 a5 27. bxa5 Ke6 28. Kd2 Ra8 29. Rg3 Rxg3 30. hxg3 Rg8 31. Rh1 Rxg3 32. Rxh6+ Rg6 33. Rh8 Rg2+ 34. Kc1 Ng6 35. Rh5 Nce7 36. Bd2 Rg4 37. Bd1 Rg3 38. Kc2 Nc6 39. Bc3 Nxf4 40. Rh6+ Rg6 41. Rxg6+ Nxg6 42. Kd2 Nge7 43. Ke3 Ng6 44. Bh5 Nce7 45. Bb4 Nh4 46. Bxe7 Kxe7 47. Kf4 Ke6 48. Bd1 Ng6+ 49. Kg5 Ne7 50. Bc2 c3 51. Bb1 Kf7 52. Kf4 Ke6 53. Ke3 Nc6 54. Kd3 Nxa5 55. Kxc3 Nc6 56. Bd3 f4 57. Bb5 Ne7 58. Kd3 b6 59. Be8 Kf5 60. Bh5 Nc6 61. Bf3 Ne7 62. Kc3 Kg5 63. Kb4 Kh4 64. Kb5 Kg3 65. Be2 f3 66. Bd3 Kf4 67. Kxb6 Ke3 68. Bb5 Kxd4 69. e6 Ke5 70. Kc7 d4 71. a5 Kxe6 72. a6 Nd5+ 73. Kb7 Kd6 74. a7 Nc7 75. Bd3 f2 76. Bf1 Kd7 77. Kb8 Kc6 78. Kc8 Kb6 79. Kb8 Kc6 1/2-1/2

[Event "Pardubice op rap 25th"]
[Site "Pardubice"]
[Date "2014.07.16"]
[Round "3"]
[White "Janocko, Petr"]
[Black "Kozlitin, Oleg"]
[Result "1/2-1/2"]
[WhiteElo "2039"]
[BlackElo "2331"]
[PlyCount "79"]
[EventDate "2014.07.16"]
[EventType "swiss (rapid)"]
[EventRounds "9"]
[EventCountry "CZE"]
[SourceTitle "EXT 2015"]
[Source "ChessBase"]
[SourceDate "2014.11.20"]
[SourceVersion "1"]
[SourceVersionDate "2014.11.20"]
[SourceQuality "1"]

1. d4 Nf6 2. c4 g6 3. Nc3 Bg7 4. Nf3 0-0 5. g3 d6 6. Bg2 Nc6 7. 0-0 e5 8. Bg5 h6 9. dxe5 hxg5 10. exf6 Bxf6 11. Qd2 g4 12. Ne1 Ne5 13. b3 Rb8 14. Rd1 a6 15. Nd3 b5 16. Nxe5 Bxe5 17. c5 Bb7 18. c6 Bc8 19. Nd5 Kg7 20. Qa5 Be6 21. Qxa6 Rh8 22. Qa5 Rc8 23. Qxb5 Qg5 24. f4 gxf3 25. Rxf3 Qh5 26. h4 g5 27. Ne7 gxh4 28. Qd3 hxg3 29. Rxg3+ Kf8 30. Nxc8 Qh2+ 31. Kf2 Qh4 32. Rh1 Bxg3+ 33. Qxg3 Qd4+ 34. Qe3 Qf6+ 35. Qf3 Qd4+ 36. e3 Qb2+ 37. Qe2 Qf6+ 38. Qf3 Qb2+ 39. Qe2 Qf6+ 40. Qf3 1/2-1/2

[Event "Voronezh op-A 18th"]
[Site "Voronezh"]
[Date "2014.06.20"]
[Round "8"]
[White "Chigaev, Maksim"]
[Black "Kozlitin, Oleg"]
[Result "1/2-1/2"]
[WhiteElo "2496"]
[BlackElo "2332"]
[PlyCount "81"]
[EventDate "2014.06.12"]
[EventType "swiss"]
[EventRounds "9"]
[EventCountry "RUS"]
[SourceTitle "CBM 160 Extra"]
[Source "ChessBase"]
[SourceDate "2014.07.01"]
[SourceVersion "1"]
[SourceVersionDate "2014.07.01"]
[SourceQuality "1"]

1. e4 c5 2. Nf3 d6 3. c3 Nf6 4. h3 Nbd7 5. Bd3 c4 6. Bc2 b5 7. b3 Bb7 8. bxc4 bxc4 9. Qe2 Nc5 10. Qxc4 Bxe4 11. Bxe4 Nfxe4 12. 0-0 d5 13. Qb5+ Qd7 14. Na3 Qxb5 15. Nxb5 Ne6 16. Nfd4 Kd7 17. Nxe6 fxe6 18. d3 Nd6 19. Nd4 g6 20. Nb3 Bg7 21. Nc5+ Kc6 22. Nxe6 Bxc3 23. Rb1 Rhc8 24. Ba3 Bf6 25. Rfc1+ Kd7 26. Nc5+ Kd8 27. Bb2 Rab8 28. Bxf6 exf6 29. Rxb8 Rxb8 30. Re1 Nf5 31. Nb3 Rb6 32. Re2 h5 33. g3 g5 34. Rc2 Ra6 35. Kg2 Ne7 36. Kf3 Nc6 37. Rb2 Ra3 38. Ke3 Kc7 39. Nc5 Kd6 40. Nb7+ Kc7 41. Nc5 1/2-1/2

[Event "Voronezh op-A 18th"]
[Site "Voronezh"]
[Date "2014.06.19"]
[Round "7"]
[White "Kozlitin, Oleg"]
[Black "Prizant, Jaroslav"]
[Result "0-1"]
[WhiteElo "2332"]
[BlackElo "2516"]
[PlyCount "180"]
[EventDate "2014.06.12"]
[EventType "swiss"]
[EventRounds "9"]
[EventCountry "RUS"]
[SourceTitle "CBM 160 Extra"]
[Source "ChessBase"]
[SourceDate "2014.07.01"]
[SourceVersion "1"]
[SourceVersionDate "2014.07.01"]
[SourceQuality "1"]

1. Nf3 Nf6 2. c4 g6 3. Nc3 Bg7 4. g3 0-0 5. Bg2 d6 6. 0-0 Nc6 7. Rb1 a5 8. a3 e5 9. d3 h6 10. Ne1 Ne7 11. b4 axb4 12. axb4 c6 13. b5 Be6 14. Nc2 d5 15. bxc6 bxc6 16. cxd5 cxd5 17. d4 e4 18. Ba3 Re8 19. Bxe7 Rxe7 20. Qd2 h5 21. Rfc1 h4 22. Nb4 Rc7 23. Nd1 Rxc1 24. Qxc1 Rc8 25. Qb2 Rb8 26. Nc3 hxg3 27. hxg3 Ng4 28. Nc6 Rxb2 29. Nxd8 Rxb1+ 30. Nxb1 Bxd4 31. e3 Bxe3 32. fxe3 Nxe3 33. Nc6 Kg7 34. Kf2 Ng4+ 35. Ke2 f5 36. Nc3 Kf6 37. Bh3 Ne5 38. Nd4 Bf7 39. Nd1 Nd3 40. Ke3 Be8 41. Bf1 Ne5 42. Be2 g5 43. Nf2 Bd7 44. Bf1 Nf7 45. Be2 Ba4 46. Nh3 Nh6 47. Nf2 Bd7 48. Bd1 Nf7 49. Be2 Nd6 50. Bf1 Nc8 51. Be2 Be8 52. Nh3 Ba4 53. Nf2 Ne7 54. Nh3 Ng6 55. Bh5 Ne5 56. Be2 Bd7 57. Nf2 Ng6 58. Nh3 f4+ 59. Nxf4 gxf4+ 60. gxf4 Nh4 61. Bf1 Ke7 62. f5 Bxf5 63. Ba6 Kf6 64. Bb7 Be6 65. Kf4 Ng6+ 66. Ke3 Bf7 67. Nc6 Nh4 68. Kf4 Ng6+ 69. Ke3 Nh4 70. Kf4 Ng2+ 71. Kg3 Ne1 72. Kf4 Nd3+ 73. Ke3 Nc5 74. Ba8 Na6 75. Bb7 Nc7 76. Kd4 Nb5+ 77. Ke3 Nd6 78. Ba6 Be8 79. Nd4 Ke5 80. Bf1 Bd7 81. Nc2 Nf5+ 82. Kd2 Ba4 83. Ne1 d4 84. Bh3 Ne3 85. Bc8 Bc6 86. Ba6 Bd5 87. Bb5 Kf4 88. Be2 Bc4 89. Bh5 Bb5 90. Bf7 Nf5 0-1

[Event "Voronezh op-A 18th"]
[Site "Voronezh"]
[Date "2014.06.15"]
[Round "4"]
[White "Kozlitin, Oleg"]
[Black "Kalinin, Nikita"]
[Result "1-0"]
[WhiteElo "2332"]
[BlackElo "2137"]
[PlyCount "65"]
[EventDate "2014.06.12"]
[EventType "swiss"]
[EventRounds "9"]
[EventCountry "RUS"]
[SourceTitle "CBM 160 Extra"]
[Source "ChessBase"]
[SourceDate "2014.07.01"]
[SourceVersion "1"]
[SourceVersionDate "2014.07.01"]
[SourceQuality "1"]

1. e4 e5 2. Nf3 Nc6 3. Bb5 Bc5 4. 0-0 Nd4 5. Nxd4 Bxd4 6. c3 Bb6 7. d4 c6 8. Bc4 d6 9. dxe5 dxe5 10. Qh5 Qe7 11. b3 Nf6 12. Qh4 Be6 13. Ba3 Bc5 14. Bxe6 fxe6 15. b4 Bd6 16. Bb2 a5 17. a3 b5 18. Nd2 c5 19. a4 cxb4 20. axb5 0-0 21. cxb4 Bxb4 22. Nf3 Qb7 23. Qh3 Rae8 24. Bxe5 Nxe4 25. Rac1 Re7 26. Rc4 Nd2 27. Nxd2 Qd5 28. Bc3 Rd7 29. Rd4 Qxb5 30. Qxe6+ Rdf7 31. Bxb4 axb4 32. Rb1 Qh5 33. Rf4 1-0

[Event "Budapest FS04 GM"]
[Site "Budapest"]
[Date "2014.04.06"]
[Round "2"]
[White "Kozlitin, Oleg"]
[Black "Wang, Puchen"]
[Result "1/2-1/2"]
[WhiteElo "2328"]
[BlackElo "2455"]
[PlyCount "33"]
[EventDate "2014.04.05"]
[EventType "tourn"]
[EventRounds "9"]
[EventCountry "HUN"]
[EventCategory "6"]
[SourceTitle "CBM 159 Extra"]
[Source "ChessBase"]
[SourceDate "2014.04.24"]
[SourceVersion "1"]
[SourceVersionDate "2014.04.24"]
[SourceQuality "1"]

1. e4 e6 2. d4 d5 3. Nc3 Nf6 4. Bg5 Bb4 5. e5 h6 6. Be3 Ne4 7. Qg4 g6 8. a3 Bxc3+ 9. bxc3 c5 10. Bd3 h5 11. Qf4 g5 12. Qf3 Nxc3 13. dxc5 d4 14. Bd2 Nc6 15. Qf6 Qxf6 16. exf6 Na4 17. Bxg5 1/2-1/2

[Event "Tula Region-ch"]
[Site "Tula"]
[Date "2014.03.19"]
[Round "9"]
[White "Airapetian, Gor"]
[Black "Kozlitin, Oleg"]
[Result "1/2-1/2"]
[WhiteElo "2463"]
[BlackElo "2312"]
[PlyCount "83"]
[EventDate "2014.03.11"]
[EventType "swiss"]
[EventRounds "9"]
[EventCountry "RUS"]
[SourceTitle "CBM 159 Extra"]
[Source "ChessBase"]
[SourceDate "2014.04.24"]
[SourceVersion "1"]
[SourceVersionDate "2014.04.24"]
[SourceQuality "1"]

1. d4 Nf6 2. c4 g6 3. Nc3 Bg7 4. e4 d6 5. Nf3 0-0 6. h3 Nc6 7. d5 Nb4 8. Be2 e6 9. Bg5 Re8 10. Nd2 a5 11. 0-0 h6 12. Be3 Bd7 13. a3 Na6 14. Qc2 b6 15. b3 Qe7 16. Rab1 Nc5 17. dxe6 Nxe6 18. Nd5 Qd8 19. Rfc1 Bc6 20. Bf1 Nc5 21. f3 Nfd7 22. Re1 Ne6 23. Rbd1 Nd4 24. Qb1 Nc5 25. Bf2 Rb8 26. b4 axb4 27. axb4 Nce6 28. Nb3 Nxb3 29. Qxb3 Ra8 30. Rd2 Be5 31. h4 Bd7 32. g3 c5 33. Bg2 Nd4 34. Qb1 Ra3 35. Rd3 Ra1 36. Qxa1 Ne2+ 37. Kf1 Bxa1 38. Rxa1 Nd4 39. Rxd4 cxd4 40. Bxd4 Be6 41. Nf6+ Kf8 42. Nh7+ 1/2-1/2